| 000 | 00861nam a22002417a 4500 | ||
|---|---|---|---|
| 999 |
_c5289 _d5289 |
||
| 003 | AR-CdUCM | ||
| 008 | 190312b ||||| |||| 00| 0 spa d | ||
| 040 |
_aMUNICIPALIDAD PROVINCIAL DEL CUSCO _cBIBLIOTECA MUNICIPAL DEL CUSCO |
||
| 082 |
_a305.4 / _bM93 |
||
| 110 |
_aISIS Internacional _915777 |
||
| 245 |
_aMujeres y Medios de Comunicación : _bAsia y el Pacifico / |
||
| 260 |
_aLima : _bIsis Internacional de las Mujeres, _c1985. |
||
| 300 |
_a131 paginas ; _bIlustraciones, Fotos, Graficos, _c24cm. |
||
| 440 |
_aEdiciones de las Mujeres _n2 _915990 |
||
| 500 | _aISIS INternacional | ||
| 505 | _aContenido: Analisis -- Acciones y Alternativas | ||
| 650 |
_aMedios de comunicacion _911199 |
||
| 650 |
_aMujer campesina _915991 |
||
| 650 |
_aMedios de comunicacion _911199 |
||
| 700 |
_aSekulovic, Vesna _915992 |
||
| 942 |
_2ddc _cLIBROS |
||
| 945 | _apjha | ||